Handbook of criminal investigation (Record no. 479273)

000 -LEADER
fixed length control field 00397cam a22001337a 4500
008 - FIXED-LENGTH DATA ELEMENTS--GENERAL INFORMATION
fixed length control field 180718b1955 xxu||||| |||| 00| 0 eng d
082 ## - DEWEY DECIMAL CLASSIFICATION NUMBER
Classification number N3 F576
100 ## - MAIN ENTRY--PERSONAL NAME
Personal name Fitzgerald, M.J.
245 ## - TITLE STATEMENT
Title Handbook of criminal investigation
Statement of responsibility, etc. by M.J. Fitzgerald;edited by Paul B. Weston
260 ## - PUBLICATION, DISTRIBUTION, ETC.
Place of publication, distribution, etc. New York
Name of publisher, distributor, etc. Greenberg
Date of publication, distribution, etc. 1955
300 ## - PHYSICAL DESCRIPTION
Extent 238p.
650 ## - SUBJECT ADDED ENTRY--TOPICAL TERM
Topical term or geographic name entry element Criminal Investigation
700 ## - ADDED ENTRY--PERSONAL NAME
Personal name Weston, Paul B.
Holdings
Withdrawn status Lost status Damaged status Not for loan Permanent Location Current Location Date acquired Full call number Barcode Date last seen Price effective from Koha item type
        Indian Institute of Public Administration Indian Institute of Public Administration 2018-08-04 N3 F576 GR698 2018-08-04 2018-08-04 GR

Powered by Koha